| 000 | 00463nam a2200157 i 4500 | ||
|---|---|---|---|
| 001 | 27581 | ||
| 003 | ES-MaACL | ||
| 005 | 20230906153643.0 | ||
| 007 | t| | ||
| 008 | 030115s1910 sp ||||1| spa d | ||
| 100 | 1 |
_aAraujo-Costa, Luis. _922362 |
|
| 245 | 1 | 0 |
_aDiscurso sobre la Edad Media considerada como Edad cristiana / _cLuis Araujo-Costa y Blanco. |
| 260 |
_aMadrid : _bHijos de Reus, _c1910. |
||
| 300 |
_a95 p. ; _c27 cm. |
||
| 852 |
_aES-MaACL _jT-1229-F-6 |
||
| 999 |
_c27581 _d27581 |
||